[Event "Titled Tuesday intern op 19th Sep Early"]
[Site "Chess.com INT"]
[Date "2023.09.19"]
[Round "1"]
[White "Marchesich, Giovanni"]
[Black "Secer, Ata"]
[Result "0-1"]
[WhiteElo "2206"]
[BlackElo "2332"]
[PlyCount "64"]
[EventDate "2023.09.19"]
[EventType "swiss (blitz)"]
[EventRounds "11"]
[EventCountry "USA"]
[SourceTitle "EXT 2024"]
[Source "ChessBase"]
[SourceDate "2023.10.10"]
[SourceVersion "1"]
[SourceVersionDate "2023.10.10"]
[SourceQuality "1"]

1. e4 c5 2. Nf3 e6 3. d4 cxd4 4. Nxd4 Nc6 5. Bf4 a6 6. Nc3 d6 7. Nxc6 bxc6 8. Bd3 Nf6 9. 0-0 Be7 10. Bg3 a5 11. e5 dxe5 12. Bxe5 0-0 13. Qf3 Ba6 14. Bxa6 Rxa6 15. Rad1 Qc8 16. Qg3 g6 17. Qg5 Nd5 18. Qh6 f6 19. Nxd5 cxd5 20. Bc3 a4 21. Qe3 Qc4 22. a3 e5 23. Rfe1 Bc5 24. Qd3 Qxd3 25. Rxd3 d4 26. Bb4 Rc8 27. c3 Bxb4 28. axb4 a3 29. bxa3 Rxa3 30. Rc1 Rb3 31. Rd2 Rxb4 32. Rdc2 Rbc4 0-1

[Event "Titled Tuesday intern op 16th Aug Early"]
[Site "Chess.com INT"]
[Date "2022.08.16"]
[Round "3"]
[White "Secer, Ata"]
[Black "Kuznetsova, Olga1111"]
[Result "1-0"]
[WhiteElo "2360"]
[BlackElo "2142"]
[PlyCount "51"]
[EventDate "2022.08.16"]
[EventType "swiss (blitz)"]
[EventRounds "11"]
[EventCountry "USA"]
[SourceTitle "EXT 2023"]
[Source "ChessBase"]
[SourceDate "2022.10.05"]
[SourceVersion "1"]
[SourceVersionDate "2022.10.05"]
[SourceQuality "1"]

1. e4 e5 2. Nf3 Nf6 3. Nxe5 d6 4. Nf3 Nxe4 5. Nc3 Nxc3 6. dxc3 Be7 7. Bf4 Nc6 8. Qd2 Bf5 9. 0-0-0 Qd7 10. Kb1 0-0 11. h3 Rae8 12. g4 Be4 13. Bg2 f5 14. g5 Bd8 15. h4 Qe6 16. Rhe1 Qc4 17. b3 Qc5 18. Bh1 Rf7 19. Nd4 Nxd4 20. cxd4 Qb6 21. d5 c6 22. f3 cxd5 23. fxe4 dxe4 24. Bg2 Bc7 25. Bf1 a6 26. Bc4 1-0

[Event "Titled Tuesday intern op 31st May Early"]
[Site "Chess.com INT"]
[Date "2022.05.31"]
[Round "1"]
[White "Secer, Ata"]
[Black "Sanchez, Roberto Daniel"]
[Result "1-0"]
[WhiteElo "2360"]
[BlackElo "1989"]
[PlyCount "59"]
[EventDate "2022.05.31"]
[EventType "swiss (blitz)"]
[EventRounds "11"]
[EventCountry "USA"]
[SourceTitle "CBM 208 Extra"]
[Source "ChessBase"]
[SourceDate "2022.07.31"]
[SourceVersion "1"]
[SourceVersionDate "2022.07.31"]
[SourceQuality "1"]

1. e4 e6 2. d4 d5 3. Nd2 Nf6 4. e5 Nfd7 5. Bd3 c5 6. c3 Nc6 7. Ne2 cxd4 8. cxd4 f6 9. exf6 Nxf6 10. Nf3 Bd6 11. 0-0 Qc7 12. Nc3 a6 13. Re1 0-0 14. Bd2 Ng4 15. Bxh7+ Kh8 16. Bg6 Bxh2+ 17. Kf1 Nxf2 18. Qe2 Nh1 19. Qd3 Nb4 20. Qe3 Qg3 21. a3 e5 22. axb4 e4 23. Bxe4 dxe4 24. Nxe4 Qh4 25. Ke2 Ng3+ 26. Nxg3 Qxg3 27. Nxh2 Bg4+ 28. Nxg4 Qxg4+ 29. Kd3 Rae8 30. Qh3+ 1-0

[Event "Titled Tuesday intern op 29th Mar Early"]
[Site "Chess.com INT"]
[Date "2022.03.29"]
[Round "11"]
[White "Secer, Ata"]
[Black "Csonka, Balazs"]
[Result "1/2-1/2"]
[WhiteElo "2360"]
[BlackElo "2491"]
[PlyCount "38"]
[EventDate "2022.03.29"]
[EventType "swiss (blitz)"]
[EventRounds "11"]
[EventCountry "USA"]
[SourceTitle "CBM 207 Extra"]
[Source "ChessBase"]
[SourceDate "2022.05.31"]
[SourceVersion "1"]
[SourceVersionDate "2022.05.31"]
[SourceQuality "1"]

1. e4 c6 2. d4 d5 3. Nc3 dxe4 4. Nxe4 Bf5 5. Ng3 Bg6 6. Nh3 Nf6 7. Nf4 e5 8. Nxg6 hxg6 9. dxe5 Qa5+ 10. Bd2 Qxe5+ 11. Qe2 Nbd7 12. Qxe5+ Nxe5 13. Be2 Bc5 14. 0-0 0-0 15. Rad1 Rfe8 16. h3 Bb6 17. Rfe1 Rad8 18. Bc1 Kf8 19. Kf1 a5 1/2-1/2

[Event "Titled Tuesday intern op 29th Mar Early"]
[Site "Chess.com INT"]
[Date "2022.03.29"]
[Round "1"]
[White "Secer, Ata"]
[Black "Tabatabaei, Mohammad Amin"]
[Result "1/2-1/2"]
[WhiteElo "2360"]
[BlackElo "2623"]
[PlyCount "156"]
[EventDate "2022.03.29"]
[EventType "swiss (blitz)"]
[EventRounds "11"]
[EventCountry "USA"]
[SourceTitle "CBM 207 Extra"]
[Source "ChessBase"]
[SourceDate "2022.05.31"]
[SourceVersion "1"]
[SourceVersionDate "2022.05.31"]
[SourceQuality "1"]

1. e4 c6 2. d4 d5 3. Nd2 dxe4 4. Nxe4 Nf6 5. Nxf6+ exf6 6. c3 Bd6 7. Bd3 0-0 8. Ne2 Re8 9. 0-0 Qc7 10. h3 Nd7 11. Be3 Nf8 12. Qd2 Ng6 13. Rfe1 Be6 14. Bxg6 hxg6 15. Bf4 g5 16. Bxd6 Qxd6 17. b3 Rad8 18. Rad1 g4 19. hxg4 Bxg4 20. f3 Bc8 21. Nf4 g6 22. Rxe8+ Rxe8 23. Nd3 Kg7 24. Re1 Rxe1+ 25. Qxe1 Bf5 26. Nc5 b6 27. Ne4 Qe7 28. Kf2 a5 29. Ng3 Qxe1+ 30. Kxe1 Bb1 31. a3 f5 32. f4 Be4 33. Kf2 Bd5 34. b4 Kf6 35. Nf1 Ke6 36. Ne3 Be4 37. g3 a4 38. c4 c5 39. dxc5 bxc5 40. b5 Kd6 41. Ke1 Kc7 42. Nd5+ Kd6 43. Nb6 Bc2 44. Kd2 Bb3 45. Kc3 Kc7 46. Nd5+ Kd6 47. Kd3 Bd1 48. Ne3 Bb3 49. Kc3 Kc7 50. Nd5+ Kd6 51. Nf6 Ke6 52. Nd5 Kd7 53. Kd3 Kd6 54. Nc3 Kc7 55. Nd5+ Kd8 56. Kc3 Bd1 57. Kd3 Kc8 58. Nc3 Bb3 59. Nd5 Kd7 60. Nc3 Ke6 61. Nd5 Kd6 62. Nc3 Kc7 63. Nd5+ Kb7 64. Nc3 Kb6 65. Nd5+ Ka5 66. Kc3 Bd1 67. Kd3 Bf3 68. Nc3 f6 69. Kd2 Bb7 70. Kd3 Ba8 71. Ne2 Be4+ 72. Kc3 Kb6 73. Nc1 g5 74. Nd3 Bf3 75. Nb2 Ka5 76. Nd3 Kb6 77. Nb2 Ka5 78. Nd3 Kb6 1/2-1/2

[Event "Titled Tuesday intern op 15 Mar Early"]
[Site "Chess.com INT"]
[Date "2022.03.15"]
[Round "8"]
[White "Ismayil, Malak"]
[Black "Secer, Ata"]
[Result "1/2-1/2"]
[WhiteElo "2058"]
[BlackElo "2360"]
[PlyCount "129"]
[EventDate "2022.03.15"]
[EventType "swiss (blitz)"]
[EventRounds "11"]
[EventCountry "USA"]
[SourceTitle "CBM 207 Extra"]
[Source "ChessBase"]
[SourceDate "2022.05.31"]
[SourceVersion "1"]
[SourceVersionDate "2022.05.31"]
[SourceQuality "1"]

1. e4 c5 2. Nf3 e6 3. Nc3 Nc6 4. Be2 a6 5. 0-0 b5 6. d3 Nf6 7. Bg5 Be7 8. a3 0-0 9. Re1 d5 10. Bf1 Bb7 11. exd5 Nxd5 12. Bxe7 Ncxe7 13. Ne4 Rc8 14. Ng3 Nc6 15. Qd2 Nd4 16. Ne5 Nb6 17. Ng4 Re8 18. Rad1 f6 19. c3 Nc6 20. Nh5 e5 21. Nxg7 Kxg7 22. Qh6+ Kh8 23. Qxf6+ Qxf6 24. Nxf6 Re7 25. Ne4 Na5 26. Nd6 Rd8 27. Nf5 Ree8 28. Re3 e4 29. Rde1 Rf8 30. dxe4 Bxe4 31. Ng3 Bg6 32. h4 Nac4 33. Re6 Bf7 34. Re7 Nxb2 35. Nf5 Bg6 36. Nh6 Nd5 37. Ra7 Nd3 38. Bxd3 Bxd3 39. Ng4 h5 40. Ne5 Ra8 41. Rxa8 Rxa8 42. Nxd3 Nxc3 43. Nxc5 a5 44. Re5 b4 45. axb4 axb4 46. Rxh5+ Kg8 47. Re5 Ra5 48. Rg5+ Kf7 49. Nb3 Ra3 50. Nd4 Ra1+ 51. Kh2 Rd1 52. Nb3 Rb1 53. Nc5 Rc1 54. Nd3 Rb1 55. Nxb4 Rxb4 56. Rf5+ Kg6 57. Rf3 Ne4 58. g3 Nf6 59. Kg2 Rb2 60. Ra3 Rc2 61. Ra6 Kg7 62. Ra7+ Kg6 63. Ra6 Kg7 64. Ra7+ Kg6 65. Ra6 1/2-1/2

[Event "Titled Tuesday intern op 15 Mar Early"]
[Site "Chess.com INT"]
[Date "2022.03.15"]
[Round "1"]
[White "Kett, Timothy"]
[Black "Secer, Ata"]
[Result "0-1"]
[WhiteElo "2144"]
[BlackElo "2360"]
[PlyCount "68"]
[EventDate "2022.03.15"]
[EventType "swiss (blitz)"]
[EventRounds "11"]
[EventCountry "USA"]
[SourceTitle "CBM 207 Extra"]
[Source "ChessBase"]
[SourceDate "2022.05.31"]
[SourceVersion "1"]
[SourceVersionDate "2022.05.31"]
[SourceQuality "1"]

1. e4 c5 2. Nf3 e6 3. d4 cxd4 4. Nxd4 Nc6 5. Nc3 Qc7 6. f4 a6 7. Nxc6 bxc6 8. Bd3 d5 9. 0-0 Nf6 10. Kh1 Be7 11. Bd2 0-0 12. Qf3 Bb7 13. Rae1 c5 14. e5 Nd7 15. Qh5 g6 16. Qh6 Rfe8 17. h4 Qd8 18. f5 Bf8 19. Qf4 exf5 20. h5 Bg7 21. hxg6 hxg6 22. Bxf5 gxf5 23. Qxf5 Qe7 24. Bg5 Qe6 25. Qf4 d4 26. Ne4 Bxe4 27. Rxe4 Nf8 28. Qh4 Ng6 29. Qg3 Bxe5 30. Bf4 Bxf4 31. Rfxf4 Qxe4 32. Rxe4 Rxe4 33. Qf3 Rae8 34. b4 cxb4 0-1

[Event "TUR-chT"]
[Site "Kocaeli"]
[Date "2017.07.28"]
[Round "3.6"]
[White "Secer, Ata"]
[Black "Heberla, Bartlomiej"]
[Result "1/2-1/2"]
[WhiteElo "2301"]
[BlackElo "2577"]
[PlyCount "126"]
[EventDate "2017.07.26"]
[EventType "team-tourn"]
[EventRounds "13"]
[EventCountry "TUR"]
[SourceTitle "CBM 179 Extra"]
[Source "ChessBase"]
[SourceDate "2017.08.23"]
[SourceVersion "1"]
[SourceVersionDate "2017.08.23"]
[SourceQuality "1"]
[WhiteTeam "Deniz su Aquamatch"]
[BlackTeam "Istanbul Turk Hava"]
[WhiteTeamCountry "TUR"]
[BlackTeamCountry "TUR"]

1. e4 c5 2. Nf3 g6 3. d4 cxd4 4. Qxd4 Nf6 5. Nc3 Nc6 6. Qa4 d6 7. e5 dxe5 8. Nxe5 Qd4 9. Nxc6 Qxa4 10. Nxa4 bxc6 11. Be3 Nd5 12. Bc5 Bg7 13. 0-0-0 0-0 14. Bc4 Re8 15. Rhe1 e5 16. Rxd5 Be6 17. Rd6 Bxc4 18. b3 Bd5 19. f3 Bh6+ 20. Be3 Bf8 21. Rd7 a5 22. Bc5 Bh6+ 23. Be3 Bf8 24. Bc5 Bh6+ 25. Be3 Bf8 26. Nb6 Be6 27. Rc7 Rad8 28. Rxc6 Bb4 29. Rf1 f5 30. Kb2 f4 31. Bc1 g5 32. c3 Bf8 33. Re1 Bf5 34. Rf6 Bg6 35. h4 gxh4 36. Nc4 a4 37. Ra6 e4 38. fxe4 Bxe4 39. Bxf4 Bxg2 40. Ne3 a3+ 41. Kc1 h3 42. Ra5 h6 43. Rg1 Rxe3 44. Bxe3 Rd3 45. Bd4 Be7 46. Kc2 Rf3 47. Ra7 Bf6 48. Bxf6 Rxf6 49. Ra4 Kh7 50. Kd3 h5 51. Rh4 Kh6 52. Ke2 Rf3 53. Rxh3 Rxh3 54. Rxg2 Rxc3 55. Rg8 Rc2+ 56. Kf3 Rxa2 57. Ra8 h4 58. Kg4 Ra1 59. Kh3 Kg5 60. b4 Kf4 61. b5 Kf3 62. Kh2 Ke4 63. b6 Rb1 1/2-1/2